000 00749cam a2200277 4500
001 J2664
008 090401t1993 xxu||||| |||| 00| 0 eng d
035 _a(Sirsi) u50349
041 _aeng
050 _a336.21026
100 _aWomersley, J.S.
245 _aRating and agriculture:the case book.
250 _a4th ed.
260 _aLondon
_bValuation Office
_c1993
300 _a27p. ; 21cm.
350 _a0
520 _aProduced to accompany the videos Rating and Agricultural Land and Rating and Agricultural Buildings.
650 _aFARM BUILDINGS
650 _aFARM LAND
650 _aLAW CASES
650 _aRATES
690 _aRATING AND VALUATION
710 _aValuation Office
_9264
942 _n0
948 _c04/03/1997
999 _c92697
_d92697